Логопедическое сопровождение образования лиц с ограниченными возможностями здоровья (Запись № 9754277)

Подробности
000 -МАРКЕР
контрольное поле 02418nam0a2200373 i 4500
001 - ИДЕНТИФИКАТОР ЗАПИСИ
контрольное поле RU\NLR\BIBL_A\010410483
005 - ИДЕНТИФИКАТОР ВЕРСИИ
контрольное поле 20260407091045.0
010 ## - МЕЖДУНАРОДНЫЙ СТАНДАРТНЫЙ НОМЕР КНИГИ (ISBN)
Номер (ISBN) 9785875559587
Тираж 100
021 ## - НОМЕР ГОСУДАРСТВЕННОЙ РЕГИСТРАЦИИ
Код страны Российская Федерация
Номер 2014-31670
Номер Листа государственной регистраци 1941
035 ## - ДРУГИЕ СИСТЕМНЫЕ НОМЕРА
Идентификатор записи (NILC)RuMoRGB-007209948
035 ## - ДРУГИЕ СИСТЕМНЫЕ НОМЕРА
Идентификатор записи (NLR Aleph) 010410483
100 ## - ДАННЫЕ ОБЩЕЙ ОБРАБОТКИ
Данные общей обработки 20140630d2013 k y0rusy50 ca
101 0# - ЯЗЫК РЕСУРСА
Язык текста, звукозаписи и т.д. русский
102 ## - СТРАНА ПУБЛИКАЦИИ ИЛИ ПРОИЗВОДСТВА
Страна публикации Российская Федерация
105 ## - ПОЛЕ КОДИРОВАННЫХ ДАННЫХ: ТЕКСТОВЫЕ МАТЕРИАЛЫ, МОНОГРАФИЧЕСКИЕ
Кодированные данные о монографическом текстовом документе a|||z|||101yy
200 1# - ЗАГЛАВИЕ И СВЕДЕНИЯ ОБ ОТВЕТСТВЕННОСТИ
Основное заглавие Логопедическое сопровождение образования лиц с ограниченными возможностями здоровья
Сведения, относящиеся к заглавию материалы Всероссийской научно-практической конференции
Первые сведения об ответственности [под ред. проф. Н.В. Новоторцевой]
210 ## - ПУБЛИКАЦИЯ, РАСПРОСТРАНЕНИЕ И ДР.
Место издания, распространения и т.д. Ярославль
Имя издателя, распространителя и т. д. Редакционно-издательский отдел ФГБОУ ВПО "Ярославский государственный педагогический университет им. К.Д. Ушинского"
Дата издания, распространения и т.д. 2013
215 ## - ФИЗИЧЕСКАЯ ХАРАКТЕРИСТИКА
Специфическое обозначение материала и объем 155 с.
Другие сведения о физической характеристике ил.
Размеры 20
300 ## - ОБЩИЕ ПРИМЕЧАНИЯ
Текст примечания В надзаг.: М-во образования и науки Рос. Федерации, ФГБОУ ВПО "Яросл. гос. пед. ун-т им. К.Д. Ушинского"
320 ## - ПРИМЕЧАНИЯ О НАЛИЧИИ В ДОКУМЕНТЕ БИБЛИОГРАФИИ / УКАЗАТЕЛЯ
Текст примечания Библиогр. в конце ст.
606 1# - НАИМЕНОВАНИЕ ТЕМЫ КАК ПРЕДМЕТ
Наименование темы Дети с нарушением речи
Формальный подзаголовок Съезды, совещания и т.п.
Тематический подзаголовок Коррекционно-развивающее обучение
Системный номер авторитетной/нормативной записи 2163783
Идентификатор авторитетной/нормативной записи RU\NLR\AUTH\6601539020
606 1# - НАИМЕНОВАНИЕ ТЕМЫ КАК ПРЕДМЕТ
Наименование темы Школы
Формальный подзаголовок Съезды, совещания и т.п.
Тематический подзаголовок Логопедическая помощь
Системный номер авторитетной/нормативной записи 2536314
Идентификатор авторитетной/нормативной записи RU\NLR\AUTH\661501949
606 ## - НАИМЕНОВАНИЕ ТЕМЫ КАК ПРЕДМЕТ
Наименование темы Инклюзивное образование
Формальный подзаголовок Съезды, совещания и т.п.
Системный номер авторитетной/нормативной записи 1682231
Идентификатор авторитетной/нормативной записи RU\NLR\AUTH\66746977
686 1# - ИНДЕКСЫ ДРУГИХ КЛАССИФИКАЦИЙ
Индекс Ч437.122.1я431
686 1# - ИНДЕКСЫ ДРУГИХ КЛАССИФИКАЦИЙ
Индекс Ч437.42я431
686 1# - ИНДЕКСЫ ДРУГИХ КЛАССИФИКАЦИЙ
Индекс Ч421.223.23я431
702 #1 - ИМЯ ЛИЦА - ВТОРИЧНАЯ ОТВЕТСТВЕННОСТЬ
Код отношения Редактор
Графика поля Кириллица
Материалы, к которым относится поле rus
Начальный элемент ввода Новоторцева
Часть имени, кроме начального элемента ввода Н. В.
Даты 1953-2021
Расширение инициалов личного имени Надежда Вячеславовна
Системный номер авторитетной/нормативной записи 49875
Идентификатор авторитетной/нормативной записи RU\NLR\AUTH\7766947
712 02 - НАИМЕНОВАНИЕ ОРГАНИЗАЦИИ - ВТОРИЧНАЯ ОТВЕТСТВЕННОСТЬ
Код отношения Прочие
Начальный элемент ввода Ярославский государственный педагогический университет им. К. Д. Ушинского
Системный номер авторитетной/нормативной записи 304213
Идентификатор авторитетной/нормативной записи RU\NLR\AUTH\8815514
801 #0 - ИСТОЧНИК ЗАПИСИ
Страна Российская Федерация
Организация РГБ
Дата составления 20140425
Правила каталогизации RCR
942 ## - ДОПОЛНИТЕЛЬНЫЕ ЭЛЕМЕНТЫ ЗАПИСИ (АБИС)
Тип экземпляра АБИС Книга
980 ## - КОЛЛЕКЦИЯ
Название коллекции НБР

Нет доступных экземпляров.